00464nam a2200109 a 450000100100000000500170001000800410002704000250006824501220009326000980021530000410031300004649220201002052917.0150819s2014 000 spa d aDO-SdBNPbspacBNPHU 4aLas remesas en la economía dominicana :banálisis para el período 2010-2012 bajo nueva fuente de información. aSanto Domingo, República Dominicana, :bBanco Central de la República Dominicana ,c2014. a33 p. :bil. : ;c28. 5 cme+ CD-Rom